000 00739nam a22002417a 4500
003 UA-OsUOA
001 53021
007 ta
008 20150916b un ||||| |||| 00| 0 ukr d
100 _aНикифоров С.Д.
090 _a811.16'01
_bН62
942 _cBK
040 _aUA-OsUOA
_brus
_cUA-OsUOA
_dUA-OsUOA
245 _aСтарославянский язык
300 _a112 с.
955 _a2
041 _arus
080 _a811.16'01
260 _aМосква
_c1952
650 7 _a8 Мовознавство. Художня література. Літературознавство
_2UDC
999 _c433137
_d433137